000 00534cam a2200181 4500500
005 20260405003231.0
041 _afre
042 _adc
100 1 0 _aPortevin, Catherine
_eauthor
245 0 0 _aDocumentalité
260 _c2021.
500 _a87
690 _aCommunication
690 _aÉcrit
690 _aMaurizio Ferraris
786 0 _nPhilosophie magazine | 147 | 3 | 2021-03-01 | p. 67-70 | 1951-1787
856 4 1 _uhttps://shs.cairn.info/magazine-philosophie-magazine-2021-3-page-67?lang=fr&redirect-ssocas=7080
999 _c2065601
_d2065601